| 000 | 00426nam a2200145Ia 4500 | ||
|---|---|---|---|
| 008 | 231129s2003||||xx |||||||||||||| ||spa|| | ||
| 020 | _a958-8159-68-7 | ||
| 040 | _bspa | ||
| 082 | _a791.4309861 M827h | ||
| 100 | _aMora Forero Cira Inés | ||
| 245 | 0 | _aHechos colombianos para ojos y oídos de las Américas | |
| 260 | _c2003 | ||
| 264 | _aMinisterio de Cultura | ||
| 942 |
_2ddc _cBKS |
||
| 999 |
_c14943 _d14943 |
||